<?xml version="1.0" encoding="UTF-8"?>
<marc:record xmlns:marc="http://www.loc.gov/MARC21/slim">
   <marc:leader>00000nam a2200000 a 4500</marc:leader>
   <marc:datafield ind1="1" ind2=" " tag="100">
      <marc:subfield code="a">Aspetsberger, Friedbert (Hrsg.)P 2727</marc:subfield>
      <marc:subfield code="4">aut</marc:subfield>
      <marc:subfield code="e">Verfasser/-in</marc:subfield>
   </marc:datafield>
   <marc:datafield ind1="1" ind2=" " tag="100">
      <marc:subfield code="a">Hrsg.: Rußegger, Arno</marc:subfield>
      <marc:subfield code="4">aut</marc:subfield>
      <marc:subfield code="e">Verfasser/-in</marc:subfield>
   </marc:datafield>
   <marc:datafield ind1=" " ind2=" " tag="653">
      <marc:subfield code="a">Medien</marc:subfield>
   </marc:datafield>
   <marc:datafield ind1=" " ind2=" " tag="653">
      <marc:subfield code="a">Literatur</marc:subfield>
   </marc:datafield>
   <marc:datafield ind1=" " ind2=" " tag="653">
      <marc:subfield code="a">Film</marc:subfield>
   </marc:datafield>
   <marc:datafield ind1="0" ind2="0" tag="245">
      <marc:subfield code="a">Die Ungetrennten und Nichtvereinten</marc:subfield>
   </marc:datafield>
   <marc:datafield ind1="0" ind2="0" tag="245">
      <marc:subfield code="b">Studien zum Verhältnis von Film und Literatur</marc:subfield>
   </marc:datafield>
   <marc:datafield ind1="0" ind2="0" tag="245">
      <marc:subfield code="c">Friedbert (Hrsg.)P 2727 Aspetsberger ; Arno Hrsg.: Rußegger</marc:subfield>
   </marc:datafield>
   <marc:datafield ind1=" " ind2="1" tag="264">
      <marc:subfield code="a">Innsbruck</marc:subfield>
      <marc:subfield code="b">Österr. Studienvlg.</marc:subfield>
      <marc:subfield code="c">1995</marc:subfield>
   </marc:datafield>
   <marc:datafield ind1="1" ind2=" " tag="490">
      <marc:subfield code="a">Ide extra; Bd.</marc:subfield>
      <marc:subfield code="v">3</marc:subfield>
   </marc:datafield>
   <marc:datafield ind1="1" ind2=" " tag="520">
      <marc:subfield code="a">Das Faszinosum der Medienwelt wird in den  Beiträgen grundsätzlich und in einprägsamen  Beispielen der Film- und Literaturanalyse be-&lt;br/&gt;schrieben. Es wird gezeigt, daß die etablier-&lt;br/&gt;ten Wort- und Bildmedien in allen realisti-&lt;br/&gt;schen Anspielungen viel weniger abbildung,  als es den Anschein hat. Der Fernsehalltag  des Wurlitzer-Nachmittags, die Raffinesse des  Autoren-Films, die Bilder-Schlacht des Holly-&lt;br/&gt;wood-Films, die Videofilm- und Literaturpro-&lt;br/&gt;duktion als didaktisches Experiment u.a.  zeigen die Fähigkeiten und die Begehrlichkei-&lt;br/&gt;ten der Medien, sich den Menschen als Konsu-&lt;br/&gt;menten, als verstörbares Wesen, als Analyti-&lt;br/&gt;ker der Wirklichkeit zu erschaffen. Sie be-&lt;br/&gt;anspruchen dabei, unterschieden und gleich -  ungetrennt und nichtvereint - bei  Hirnhälften, jede Sprach- und Bilderverarbei-&lt;br/&gt;tungsmöglichkeit, benützen die Klischees des  Gewohnten und kippen sie aus ihren Veranker-&lt;br/&gt;ungen, unabhängig davon, ob dies die Verände-&lt;br/&gt;rung zur Kunst oder die Veränderung zum Ba-&lt;br/&gt;nalen anzielt oder bewirkt.&lt;br/&gt; </marc:subfield>
   </marc:datafield>
   <marc:datafield ind1=" " ind2=" " tag="020">
      <marc:subfield code="a">9783706511285</marc:subfield>
      <marc:subfield code="9">9783706511285</marc:subfield>
   </marc:datafield>
   <marc:datafield ind1=" " ind2=" " tag="041">
      <marc:subfield code="a">ger</marc:subfield>
   </marc:datafield>
   <marc:datafield ind1="1" ind2=" " tag="521">
      <marc:subfield code="a">0</marc:subfield>
   </marc:datafield>
   <marc:datafield ind1=" " ind2=" " tag="300">
      <marc:subfield code="a">178 S.</marc:subfield>
   </marc:datafield>
</marc:record>
